A Kakuro rejtvény játszását támogató program

Elmentve itt :
Bibliográfiai részletek
Szerző: Homor Zsolt
További közreműködők: Csendes Tibor (Témavezető)
Dokumentumtípus: Szakdolgozat
Megjelent: 2009
Tárgyszavak:
Online Access:http://diploma.bibl.u-szeged.hu/3398
LEADER 00768nta a2200181 i 4500
001 dipl3398
005 20130314072607.0
008 110408s2009 hu om 0|| hun d
040 |a SZTE Diploma Repozitórium  |b hun 
041 |a hun 
100 1 |a Homor Zsolt 
245 1 2 |a A Kakuro rejtvény játszását támogató program  |h [elektronikus dokumentum] /  |c Zsolt Homor 
260 |c 2009 
650 4 |a Informatika 
700 1 |a Csendes Tibor  |e ths 
856 4 0 |u http://diploma.bibl.u-szeged.hu/id/eprint/3398/1/A_Kakuro.pdf  |z Dokumentum-elérés  
856 4 0 |u http://diploma.bibl.u-szeged.hu/id/eprint/3398/2/2009_homor_zsolt_p_09_18_biralat.pdf  |z Dokumentum-elérés  
856 4 0 |u http://diploma.bibl.u-szeged.hu/id/eprint/3398/3/2009_homor_zsolt_p_09_18_melleklet.tgz  |z Dokumentum-elérés